History Quiz

Random History or War Quiz

Countries by Military Operation Quiz Stats

 Plays Quiz Updated Feb 19, 2020

Support Sporcle.
Go Orange.
Score 0/21 Timer 05:00
1 Play Today
Operation Country % Correct
Operation Desert Storm (1991)Iraq
85.6%
Operation Overlord (1944)Germany
78.5%
Operation Barbarossa (1941)USSR
68.5%
Operation Kaiserschlacht (1918)France/Belgium
54%
Operation Peace for Galilee (1982)Lebanon
40.5%
Operation Chromite (1950)North Korea
37.7%
Operation Odyssey Dawn (2011)Libya
33.7%
Operation Eagle Claw (1980)Iran
30.1%
Operation Urgent Fury (1983)Grenada
29.6%
Operation Just Cause (1989)Panama
28.7%
Operation Sharp Guard (1993-96)Yugoslavia
25.8%
Operation Country % Correct
Operation Rosario (1982)UK
24.4%
Operation Mongoose (1962)Cuba
19.8%
Operation Storm-333 (1979)Afghanistan
16.3%
Operation Paul Bunyan (1976)Korean Demilitarized Zone
9.6%
Operation Motorman (1972)Northern Ireland
6.6%
Operation Atilla (1974)Cyprus
6.3%
Operation Savannah (1975-76)Angola
5.6%
Operation Grand Slam (1965)India
4.5%
Operation Claret (1964-66)Indonesia
3.6%
Operation Anvil (1954)Kenya
3.4%

You're not logged in!

Compare scores with friends on all Sporcle quizzes.
OR
Log In

From the Vault

Word Ladder 3D: Staircase

by gazzso

Hopefully your staircases are in 3 dimensions, because you'd have problems going through your house in only 2 dimensions.
Remove Ads.
Support Sporcle.
Get the best of Sporcle when you Go Orange. This ad-free experience offers more features, more stats, and more fun while also helping to support Sporcle. Thank you for becoming a member.

Show Comments

Extras

Top Quizzes Today


Score Distribution

Your Account Isn't Verified!

In order to create a playlist on Sporcle, you need to verify the email address you used during registration. Go to your Sporcle Settings to finish the process.

Report this User

Report this user for behavior that violates our Community Guidelines.

Details: